The control of the money supply / (Record no. 5643)
[ view plain ]
| 000 -LEADER | |
|---|---|
| fixed length control field | 00911cam a2200301 4500 |
| 001 - CONTROL NUMBER | |
| control field | 5643 |
| 003 - CONTROL NUMBER IDENTIFIER | |
| rucl marc code | BD-RjUL |
| 005 - DATE AND TIME OF LATEST TRANSACTION | |
| control field | 20211208234113.0 |
| 008 - FIXED-LENGTH DATA ELEMENTS--GENERAL INFORMATION | |
| fixed length control field | 140106r19711970enka bs 001 0 eng d |
| 020 ## - INTERNATIONAL STANDARD BOOK NUMBER | |
| International Standard Book Number | 0140802320 |
| 035 ## - SYSTEM CONTROL NUMBER | |
| System control number | (BD-RjUL)5682 |
| 040 ## - CATALOGING SOURCE | |
| Original cataloging agency | DLC |
| Transcribing agency | DLC |
| Modifying agency | DLC |
| -- | (BD-RjUL) |
| Language of cataloging | eng |
| 041 ## - LANGUAGE CODE | |
| Language code of text/sound track or separate title | eng |
| 082 00 - DEWEY DECIMAL CLASSIFICATION NUMBER | |
| Classification number | 332.46 |
| Author mark and year | BAC |
| 100 1# - MAIN ENTRY--PERSONAL NAME | |
| Personal name | Bain, A. D. |
| Fuller form of name | (Andrew David) |
| 9 (RLIN) | 14379 |
| 245 14 - TITLE STATEMENT | |
| Title | The control of the money supply / |
| Statement of responsibility, etc. | [by] A. D. Bain. |
| 260 ## - PUBLICATION, DISTRIBUTION, ETC. (IMPRINT) | |
| Place of publication, distribution, etc. | [Harmondsworth, Eng.] |
| Name of publisher, distributor, etc. | Penguin Books |
| Date of publication, distribution, etc. | [1970 [Reprent 1971] |
| 300 ## - PHYSICAL DESCRIPTION | |
| Pagination | 175 p. : |
| Illustrations | illus. ; |
| Size | 18 cm. |
| 350 ## - PRICE (NR) (BK AM CF MU VM SE) [OBSOLETE] | |
| Price | $1.95 (U.S.) |
| 490 0# - SERIES STATEMENT | |
| Series statement | Penguin education |
| Series statement | Penguin modern economics texts |
| 504 ## - BIBLIOGRAPHY, ETC. NOTE | |
| Bibliography, etc | Includes Bibliography and Index |
| 650 #0 - SUBJECT ADDED ENTRY--TOPICAL TERM | |
| Topical term or geographic name as entry element | Monetary policy |
| Geographic subdivision | Great Britain. |
| 9 (RLIN) | 11772 |
| Topical term or geographic name as entry element | Monetary policy |
| Geographic subdivision | United States. |
| 9 (RLIN) | 17694 |
| 942 ## - ADDED ENTRY ELEMENTS (KOHA) | |
| Source of classification or shelving scheme | Dewey Decimal Classification |
| Koha item type | Books |
| Lost status | Source of classification or shelving scheme | Damaged status | Not for loan | Collection code | Permanent Location | Current Location | Shelving location | Date acquired | Source of acquisition | Total Checkouts | Full call number | Date last seen | Copy number | Koha item type |
|---|---|---|---|---|---|---|---|---|---|---|---|---|---|---|
| Dewey Decimal Classification | Not For Loan | Non-fiction | Central Library, University of Rajshahi | Central Library, University of Rajshahi | 14/03/1973 | Gift | 332.46 BAC 1971 | 06/01/2014 | C-1 | Books |